| 000 | 00569nam a2200217 a 4500 | ||
|---|---|---|---|
| 001 | 46699 | ||
| 003 | BD-RjUL | ||
| 005 | 20211209054207.0 | ||
| 008 | 160803s1965 ii ||||| |||| 00| 0 eng d | ||
| 035 | _a(BD-RjUL)46818 | ||
| 040 |
_aBD-RjUL _beng _cBD-RjUL |
||
| 041 | _aeng | ||
| 082 |
_223 _a363.25 _bLAP 1965 |
||
| 100 |
_aLahiri, S.K. _9142355 |
||
| 245 |
_aPolice hanbook / _cby S. K. Lahiri |
||
| 250 | _a15 ed. | ||
| 260 |
_aCalcutta : _bLaw Book Society, _c1965. |
||
| 300 |
_axviii, ...p.; _c23 cm |
||
| 650 |
_aPolice--Handbooks _9142356 |
||
| 942 |
_2ddc _cBK |
||
| 999 |
_c46699 _d46699 |
||